000 00647nam a22001817a 4500
999 _c4661
_d4661
001 12502
003 BD-DhUAP
005 20201116130334.0
008 201116s2008 bg |||| |||| 000 0 ben d
040 _aBD-DhUAP
_bBen
_cBD-DhUAP
_dBD-DhUAP
082 _223
_a891.445 CHO
100 _aচৌধুরী, প্রণব।
245 _aরসতত্ত্ব ও অলংকার পরিচয় /
_cপ্রণব চৌধুরী।
260 _aঢাকা :
_bপুথিঘর,
_c২০০৮।
300 _a১১৭ পৃষ্ঠা ;
_c২১ সেমি.।
650 _aBengali Literature
_vRhetoric.
942 _2ddc
_cBK